000 01606nam a2200361 c 4500
003 BLK
005 20250330004145.0
008 180409b bul|||||r ||||||| ||bul||
010 _aKNG00108658000
020 _a954-657-426-0
_bиздат.: ПАН
040 _aBLK
041 _aBUL
_cBUL
080 _aБългарска литература
_b821.163.2
_x-1
_z821.163.2-1
080 _aЛитература на отделни езици и езикови семейства
_b821
_x-1
_z821-1
080 _aБългарска литература
_b821.163.2
_x-4
_z821.163.2-4
100 _aДалчев, Атанас Христов
_d1904-1978
_gПоет. Преводач от английски, френски, немски, испански, руски, гръцки и унгарски език.
_9363753
700 1 _aРалин, Радой
_eсъстав.
_gСтоянов, Димитър Стефанов
_9364208
139 _aДалчев, Атанас Христов
_bД 14
245 1 0 _aСтихотворения
_cАтанас Христов Далчев; състав. Радой Ралин.
245 1 0 _aИзбрани фрагменти и преводи
_b
_c
257 _aBGR
260 София
_bПАН
_c2002
_fСофия : Балкан прес
300 _a191 с.
_c20 см
380 _aX
490 1 _aКниги за ученика
500 _aСъдържа и Животопис
852 _aЦб 216486
856 4 _qpdf
_u
856 4 _qpdf
_u
942 _cKNG
_n0
_010
944 _aCR
_c30.10.2003
_k
_lCRON CRON
944 _aED
_c01.04.2004
_k
999 _c103581
_d103581